000 00640nam a2200181Ia 4500
008 100920s9999 xx 000 0 und d
082 _b105755
_a891.464 न 09
100 _aब्लॅन्यर्ड केनेथ/अनु:बोरीकर दिनकर.
245 _aवन मिनिट मॅनेजर.
260 _bसाकेत,औरंगाबाद.
_c2009
300 _a112
_bसाधी
365 _b100
520 _aनिबंध.
630 _aवन मिनिट मॅनेजर.
650 _aनिबंध.
730 _aवन मिनिट मॅनेजर.
942 _cBOOK
999 _c746186
_d746183